[Event "IECG CM.2001.0.00148"]
[Site "IECG email"]
[Date "2001.07.18"]
[Round "?"]
[White "Ottenburg, Ralph"]
[Black "Pahlen, Hans"]
[Result "1/2-1/2"]
[WhiteElo "2065"]
[BlackElo "2241"]
[PlyCount "62"]
[EventDate "2001.07.18"]
[EventType "tourn (corr)"]
[EventRounds "6"]
[SourceTitle "Corr 2008"]
[Source "ChessBase"]
[SourceDate "2008.06.24"]
[SourceVersion "1"]
[SourceVersionDate "2008.06.24"]
[SourceQuality "1"]

1. e4 c5 2. Nf3 Nc6 3. Nc3 e6 4. d4 cxd4 5. Nxd4 Nf6 6. g3 Qb6 7. Nb3 Bb4 8. Bg2 Qa6 9. Bd2 0-0 10. a3 Be7 11. Be3 Ne5 12. Bf1 Nc4 13. Qd4 d5 14. exd5 exd5 15. Nxd5 Nxd5 16. Bxc4 Nxe3 17. fxe3 Qg6 18. Bd3 Qh5 19. 0-0 Bh3 20. Rf2 Bf6 21. Rxf6 gxf6 22. Nc5 Qf3 23. Be4 Qe2 24. Qd3 Qxd3 25. cxd3 Rae8 26. Kf2 b6 27. Na4 f5 28. Bh1 Re6 29. Nc3 Rfe8 30. Re1 a6 31. Bd5 Rh6 1/2-1/2

[Event "IECG CM.2001.0.00148"]
[Site "IECG email"]
[Date "2001.07.18"]
[Round "?"]
[White "Ottenburg, Ralph"]
[Black "Simmelink, Joop Theo"]
[Result "0-1"]
[WhiteElo "2065"]
[BlackElo "2241"]
[PlyCount "52"]
[EventDate "2001.07.18"]
[EventType "tourn (corr)"]
[EventRounds "6"]
[SourceTitle "Corr 2008"]
[Source "ChessBase"]
[SourceDate "2008.06.24"]
[SourceVersion "1"]
[SourceVersionDate "2008.06.24"]
[SourceQuality "1"]

1. e4 e5 2. Nf3 Nc6 3. Bb5 a6 4. Ba4 Nf6 5. 0-0 Be7 6. Qe2 b5 7. Bb3 0-0 8. c3 d5 9. d3 Re8 10. Re1 h6 11. Nbd2 Be6 12. exd5 Nxd5 13. Ne4 Qd7 14. Ng3 Bf8 15. Nh5 Bf5 16. Bxh6 Bg6 17. Ng5 Nf4 18. Nxf4 exf4 19. Ne4 Bxe4 20. dxe4 gxh6 21. Rad1 Bd6 22. Qh5 Ne5 23. g3 fxg3 24. f4 Nc4 25. Bxc4 bxc4 26. hxg3 Qc6 0-1

[Event "IECG CP.2000.P.00047"]
[Site "IECG email"]
[Date "2000.10.01"]
[Round "?"]
[White "Ottenburg, Ralph"]
[Black "Aberbach Peltzman, Angel Sergio"]
[Result "1/2-1/2"]
[WhiteElo "2045"]
[BlackElo "2300"]
[PlyCount "46"]
[EventDate "2000.10.01"]
[EventType "tourn (corr)"]
[EventRounds "6"]
[EventCountry "GER"]
[SourceTitle "Corr 2008"]
[Source "ChessBase"]
[SourceDate "2008.06.24"]
[SourceVersion "1"]
[SourceVersionDate "2008.06.24"]
[SourceQuality "1"]

1. e4 c5 2. Nf3 e6 3. d4 cxd4 4. Nxd4 Nf6 5. Nc3 Nc6 6. Ndb5 d6 7. Bf4 e5 8. Bg5 a6 9. Na3 b5 10. Bxf6 gxf6 11. Nd5 f5 12. c3 Bg7 13. exf5 Bxf5 14. Nc2 Be6 15. Nce3 Ne7 16. Be2 Nxd5 17. Nxd5 0-0 18. 0-0 Rb8 19. Qd2 a5 20. Rad1 Kh8 21. b3 Rg8 22. c4 bxc4 23. Bxc4 a4 1/2-1/2

[Event "IECG CP.2000.P.00047"]
[Site "IECG email"]
[Date "2000.10.01"]
[Round "?"]
[White "Ottenburg, Ralph"]
[Black "Bame, Bill"]
[Result "1-0"]
[WhiteElo "2045"]
[BlackElo "1645"]
[PlyCount "21"]
[EventDate "2000.10.01"]
[EventType "tourn (corr)"]
[EventRounds "6"]
[EventCountry "GER"]
[SourceTitle "Corr 2008"]
[Source "ChessBase"]
[SourceDate "2008.06.24"]
[SourceVersion "1"]
[SourceVersionDate "2008.06.24"]
[SourceQuality "1"]

1. e4 c5 2. Nf3 Nc6 3. d4 cxd4 4. Nxd4 d6 5. c4 g6 6. Nc3 Bg7 7. Be3 Nf6 8. f3 0-0 9. Qd2 Be6 10. Ndb5 a6 11. Na3 1-0